|
|
|
|
| LEADER |
00882naa a2200241 i 4500 |
| 001 |
publ36846 |
| 005 |
20250523081305.0 |
| 008 |
250523s2024 hu o 000 eng d |
| 020 |
|
|
|a 9782875870902
|
| 024 |
7 |
|
|a 10.14428/esann/2024.ES2024-81
|2 doi
|
| 024 |
7 |
|
|a 35520341
|2 mtmt
|
| 040 |
|
|
|a SZTE Publicatio Repozitórium
|b hun
|
| 041 |
|
|
|a eng
|
| 100 |
2 |
|
|a Al-Najjar Ammar Fayez Ali
|
| 245 |
1 |
0 |
|a Adversarial Training without Hard Labels
|h [elektronikus dokumentum] /
|c Al-Najjar Ammar Fayez Ali
|
| 260 |
|
|
|a Ciaco
|b Louvain-la-Neuve
|c 2024
|
| 300 |
|
|
|a 6
|
| 300 |
|
|
|a 179-184
|
| 490 |
0 |
|
|a Proceedings of the 32nd European Symposium on Artificial Neural Networks (ESANN 2024)
|
| 650 |
|
4 |
|a Számítás- és információtudomány
|
| 700 |
0 |
1 |
|a Megyeri István
|e aut
|
| 700 |
0 |
1 |
|a Jelasity Márk
|e aut
|
| 856 |
4 |
0 |
|u http://publicatio.bibl.u-szeged.hu/36846/1/ES2024-81.pdf
|z Dokumentum-elérés
|